The legacy of the Middle Ages / (Record no. 19393)
[ view plain ]
| 000 -LEADER | |
|---|---|
| fixed length control field | 01664nam a22002892a 4500 |
| 001 - CONTROL NUMBER | |
| control field | 19393 |
| 003 - CONTROL NUMBER IDENTIFIER | |
| rucl marc code | BD-RjUL |
| 005 - DATE AND TIME OF LATEST TRANSACTION | |
| control field | 20211209000427.0 |
| 008 - FIXED-LENGTH DATA ELEMENTS--GENERAL INFORMATION | |
| fixed length control field | 140224r19511926enkfh 000 0 eng d |
| 035 ## - SYSTEM CONTROL NUMBER | |
| System control number | OCLC ocm01375713 from D960221M |
| -- | (BD-RjUL)19453 |
| 040 ## - CATALOGING SOURCE | |
| Original cataloging agency | DLC |
| Transcribing agency | NAM |
| Modifying agency | SER |
| -- | EQO |
| -- | BD-RjUL |
| Language of cataloging | eng |
| 041 ## - LANGUAGE CODE | |
| Language code of text/sound track or separate title | eng |
| 082 00 - DEWEY DECIMAL CLASSIFICATION NUMBER | |
| Classification number | 901 |
| Author mark and year | LEG 1951 |
| 245 04 - TITLE STATEMENT | |
| Title | The legacy of the Middle Ages / |
| Statement of responsibility, etc. | edited by C.G. Crump & E.F. Jacob. |
| 260 ## - PUBLICATION, DISTRIBUTION, ETC. (IMPRINT) | |
| Place of publication, distribution, etc. | Oxford : |
| Name of publisher, distributor, etc. | The Clarendon Press, |
| Date of publication, distribution, etc. | 1926 [Reprintd 1951]. |
| 300 ## - PHYSICAL DESCRIPTION | |
| Pagination | xii, 549, [1] p. : |
| Illustrations | front., 41 pl. (incl. facsims.) ; |
| Size | 19 cm. |
| 500 ## - GENERAL NOTE | |
| General note | "First published 1926." |
| 505 0# - FORMATTED CONTENTS NOTE | |
| Formatted contents note | Introduction, by C.G. Crump.--The Christian life, by F.M. Powicke.--Art: Medieval architecture, by W.R. Lethaby. Medieval sculpture, by Paul Vitry. Decorative and industrial arts, by Marcel Aubert.--Literature: Some aspects of medieval Latin literature, by Claude Jenkins. Vernacular literature, by Cesare Foligno. Handwriting, by E.A. Lowe.--Philosophy, by C.R.S. Harris.--Education, by J.W. Adamson.--Law: Customary law, by Sir Paul Vinogradoff. Canon law, by Gabriel Le Bras. Roman law, by Ed. Meynial.--The position of women, by Eileen Power.--The economic activity of towns, by N.S.B. Gras.--Royal power and administration, by Charles Johnson.--Political thought, by E.F. Jacob |
| 650 #0 - SUBJECT ADDED ENTRY--TOPICAL TERM | |
| Topical term or geographic name as entry element | Middle Ages, 600-1500 |
| 9 (RLIN) | 59618 |
| Topical term or geographic name as entry element | Civilization, Medieval |
| 9 (RLIN) | 59619 |
| Topical term or geographic name as entry element | Art, Medieval |
| 9 (RLIN) | 2936 |
| Topical term or geographic name as entry element | Paleography |
| 9 (RLIN) | 59620 |
| 700 1# - ADDED ENTRY--PERSONAL NAME | |
| Personal name | Crump, Charles G. |
| Fuller form of name | (Charles George), |
| Dates associated with a name | 1862-1935. |
| Personal name | Jacob, E. F. |
| Fuller form of name | (Ernest Fraser), |
| Dates associated with a name | 1894-1971 |
| 942 ## - ADDED ENTRY ELEMENTS (KOHA) | |
| Source of classification or shelving scheme | Dewey Decimal Classification |
| Koha item type | Books |
| Lost status | Source of classification or shelving scheme | Damaged status | Not for loan | Permanent Location | Current Location | Shelving location | Date acquired | Source of acquisition | Cost, normal purchase price | Total Checkouts | Full call number | Date last seen | Copy number | Koha item type | Collection code |
|---|---|---|---|---|---|---|---|---|---|---|---|---|---|---|---|
| Dewey Decimal Classification | Not For Loan | Central Library, University of Rajshahi | Central Library, University of Rajshahi | Reading Room | 04/03/1955 | U.B. Rjshahi | 13.80 | 901 LEG 1951 | 24/02/2014 | C-1 | Books | ||||
| Dewey Decimal Classification | Central Library, University of Rajshahi | Central Library, University of Rajshahi | 07/05/1954 | Not Found | 0.00 | 901 LEG 1951 | 11/03/2014 | C-2 | Books | Non-fiction | |||||
| Dewey Decimal Classification | Central Library, University of Rajshahi | Central Library, University of Rajshahi | 20/01/1955 | M. B. P. Dacca | 13.20 | 901 LEG 1951 | 11/03/2014 | C-10 | Books | Non-fiction | |||||
| Dewey Decimal Classification | Central Library, University of Rajshahi | Central Library, University of Rajshahi | 04/03/1955 | U.B. Rjshahi | 13.80 | 901 LEG 1962 | 20/04/2014 | C-6 | Books | Non-fiction |